Представление документа в формате RUSMARC

ПолеНазваниеЗначение
  Тип записи a
  Библиографический уровень m
001 Контрольный номер RU\NLR\BIBL_A\011711693
005 Дата корректировки 20180928080919.8
010 Индекс ISBN __
a ISBN 978-5-04-091578-1
d Цена 388-00
021 № государственной регистрации __
a Код страны RU
b № документа 2018-29581
035 Другие системные номера __
a Идентификатор записи (RuMoRGB)009612670
100 Данные общей обработки __
a Данные общей обработки 20180523d2018 um y0rusy0189 ca
101 Язык документа 0_
a Язык текста rus
102 Страна публикации __
a Страна публикации RU
105 Кодированные данные (монография) __
a Кодированные данные (монография) ac||z|||001zy
200 Заглавие и сведения об ответственности 1_
a Заглавие Как лечиться правильно
e Сведения, относящиеся к заглавию книга-перезагрузка
f Первые сведения об ответственности доктор Мясников
210 Выходные данные 1_
a Место издания Москва
c Издательство Э
d Дата издания 2018
215 Физическое описание __
a Объем 256 с., [2] л. цв. ил., портр.
300 Общие примечания __
a Общие примечания На обл.: Программа оздоровления нации "Пора лечиться правильно"
320 Библиография __
a Библиография Предм. указ.: с. 255-256
330 Аннотация __
a Аннотация Медицина стремительно меняется с каждым десятилетием. То, что вчера еще не умели лечить, сегодня оказывается вполне излечимым, и после коррекции человек оказывается практически здоров. И наоборот: то, что вчера считалось нормой, сегодня угрожает здоровью. Например, врачи говорят: сахар крови до 5,6 - норма, 5,7-6,9 - преддиабет, 7,0 и выше - диабет! А не так давно сахарным диабетом считался сахар крови от 8. То же относится и к цифрам артериального давления и к холестерину. Классическая норма артериального давления 120/80 сегодня уже не норма, а предгипертония! И наоборот: совсем недавно врачи предупреждали об опасности субфебрилитета (умеренного повышения температуры тела), а сегодня говорят, что 37,5 - норма и не советуют снижать температуру, пока та не повысится до 38 градусов. Пару лет назад считалось, что жиры - зло, и чем меньше их потребляешь, тем лучше. Оказалось, вредны совсем не все, а только трансжиры - те, что получают промышленным путем. А сливочное масло, сало - очень даже полезны и необходимы для здоровой жизни. Еще лет 5 назад все усиленно покупали в аптеках витамины и прочие средства, как бы восполняющие недостачу в организме и повышающие иммунитет. Оказалось, это не только не приносит пользу, но и таит реальную опасность, повышая риск возникновения рака. В связи с этим появилась необходимость обновить наши устоявшиеся представления о здоровье и болезни; о том, что вредно и полезно, о том, что надо лечить (и срочно!), а с чем нет необходимости обращаться к врачу.
333 Примечание о целевом назначении __
a Примечание о целевом назначении 12+
606 Тематические рубрики 1_
2 Код системы nlr_sh
3 Контрольный № нормативной записи RU\NLR\AUTH\66145386
j Формальный подзаголовок Популярные издания
a Основная рубрика Здравоохранение. Медицинские науки
606 Тематические рубрики __
a Основная рубрика Личная гигиена
610 Ключевые слова 0_
a Ключевые слова болезни человека
a Ключевые слова здоровый образ жизни
a Ключевые слова медицина доказательная
a Ключевые слова доказательная медицина
a Ключевые слова программы оздоровления нации
686 Индексы других классификаций __
a Индекс ББК 51.204.0
v Номер издания LBC/SL
2 Код системы rubbk
700 Автор _1
a Фамилия Мясников
b Имя А. Л.
c Титул (звания) канд. мед. наук, кардиология
f Даты 1953-
g Полное личное имя Александр Леонидович
3 Контрольный № нормативной записи RU\NLR\AUTH\7773919
801 Источник записи _0
a Страна RU
b Организация NLR
c Дата составления 20180523
g Правила каталогизации RCR
801 Источник записи _1
a Страна RU
b Организация NLR
c Дата составления 20180523
2 Код формата rusmarc
801 Источник записи _2
a Страна RU
b Организация NLR
c Дата составления 20180611
2 Код формата rusmarc
801 Источник записи _2
a Страна RU
b Организация Центральная районная библиотека им. Г. А. Пирожникова
c Дата составления 20180927
852 Данные о местонахождении __
j Шифр хранения 51.204.0
i Авторский знак М 994
901 Тип документа __
t Тип документа m
902 Роль лиц __
b Редактор БЗ ОКиОЛ/Струналь